Alle Millionenstädte in Europa - Statistiken

Allgemein
  • Dieses Quiz wurde 311 mal gespielt
  • Das Durchschnittsergebnis liegt bei 25 aus 34
Antwortstatistiken
Land Stadt % Korrekt
Deutschland Berlin
100%
Frankreich Paris
100%
Italien Rom
100%
Großbritanien London
99%
Russland Moskau
99%
Deutschland München
99%
Deutschland Hamburg
98%
Deutschland Köln
98%
Polen Warschau
98%
Österreich Wien
98%
Türkei Istanbul
97%
Ukraine Kiew
97%
Tschechien Prag
96%
Spanien Barcelona
95%
Spanien Madrid
95%
Italien Mailand
95%
Belarus Minsk
95%
Bulgarien Sofia
95%
Rumänien Bukarest
94%
Ungarn Budapest
93%
Russland St Petersburg
91%
Serbien Belgrad
86%
Großbritanien Birmingham
76%
Ukraine Odessa
52%
Ukraine Charkiw
45%
Russland Wolgograd
38%
Russland Kasan
37%
Russland Rostow am Don
30%
Russland Nischni Nowgorod
25%
Russland Ufa
24%
Russland Krasnodar
20%
Russland Samara
20%
Russland Perm
17%
Russland Woronesch
13%
Keine übereinstimmenden Quizze gefunden
Verteilung der Resultate
Anzahl Personen mit jedem Resultat
Perzentil nach korrekt beantworteten Fragen
Ihre Resultats-Entwicklung
Sie haben dieses Quiz noch nicht gespielt